Can you name all Smash bros ultimate characters? - Statistieken

Algemene statistieken
  • Deze quiz is 5 keer genomen
    2 sinds de laatste reset
  • De gemiddelde score is 29 van 91
Antwoordstatistieken
Antwoord % Correct
Bowser
100%
Daisy
100%
Donkey kong
100%
Ken
100%
Link
100%
Luigi
100%
Mario
100%
Peach
100%
Pikachu
100%
Wario
100%
Charizard
50%
Chrom
50%
Dark samus
50%
Ganondorf
50%
Hero
50%
Ike
50%
Joker
50%
Kazuya
50%
Kirby
50%
Lucario
50%
Lucas
50%
Lucina
50%
Marth
50%
Meta Knight
50%
Mewtwo
50%
Min-Min
50%
Ness
50%
Olimar
50%
Pichu
50%
Pyra
50%
Ridley
50%
R.O.B.
50%
Robin
50%
Roy
50%
Ryu
50%
Samus
50%
Sheik
50%
Shulk
50%
Sonic
50%
Sora
50%
Squirtle
50%
Terry
50%
Toon Link
50%
Villager
50%
Yoshi
50%
Young Link
50%
Zelda
50%
Zero Suit Samus
50%
Banjo and kazooie
0%
Bayonetta
0%
Bowser Junior
0%
Byleth
0%
Captain Falcon
0%
Cloud
0%
Corrin
0%
Dark Pit
0%
Diddy Kong
0%
Doctor Mario
0%
Duck Hunt Duo
0%
Falco
0%
Fox
0%
Greninja
0%
Ice Climbers
0%
Incineroar
0%
Inkling
0%
Isabelle
0%
Ivysaur
0%
Jigglypuff
0%
King dedede
0%
King K. Rool
0%
Little Mac
0%
Mega Man
0%
Mii Fighter
0%
Mii Gunner
0%
Mii Swordfighter
0%
Mr game and watch
0%
Mytra
0%
Pac-Man
0%
Palutena
0%
Piranha Plant
0%
Pit
0%
Richter
0%
Richter
0%
Rosalina and Luma
0%
Sephiroth
0%
Simon
0%
Simon
0%
Snake
0%
Steve
0%
Wii Fit Trainer
0%
Wolf
0%
Geen overeenkomende quizzen gevonden
Scoreverdeling
Procent van Mensen met Elke Score
Percentiel versus Aantal Correcte Antwoorden
Uw Scoregeschiedenis
U heeft deze quiz nog niet genomen sinds de laatste reset